Lady Gaga : The Fame Monster - Statistiques

Statistiques générales
  • Ce quiz a été pris 221 fois
  • Le résultat moyen est 6 sur 8
Statistiques - réponses
Hint Réponse % Correct
1. Bad Romance
94%
2. Alejandro
84%
6. Telephone
78%
3. Monster
72%
4. Speechless
62%
8. Teeth
62%
7. So Happy I Could Die
57%
5. Dance In The Dark
55%
Aucun quiz correspondant
Distribution des résultats
% des personnes avec chaque résultat
Percentile par nombre de réponses
Votre historique - résultats
Vous n’avez pas pris ce quiz